000 00339nam a2200145Ia 4500
100 _aMathur/M.2/ Sharma/ R.P.
942 _cBK
654 _aElectronics
245 _aA Course in Internal Combustion Engines
260 _bDhanpat Rai & Sons
_c1993
082 _a621.43
_bMAT/SHA
300 _a898
546 _aENGLISH
999 _c22029
_d22029